| LEADER |
00676nam0a2200193 450 |
| 001 |
16841239 |
| 010 |
|
|
|a 978-2-37801-257-1
|b rel.
|d 13,9
|
| 100 |
|
|
|a 20221123d2023 u u0frey01 ba
|
| 101 |
1 |
|
|a fre
|c ita
|
| 102 |
|
|
|a FR
|
| 200 |
0 |
|
|a rocher au milieu de l'océan (Un)
|f Alessandro Montagnana
|g [traduction et adaptation, Nadja Belhadj]
|
| 207 |
|
1 |
|a
|
| 210 |
|
|
|a Paris
|c Saltimbanque
|d 2023
|
| 215 |
|
|
|a 1 vol. (non paginé [33] p.)
|c ill. en coul.
|d 27 cm
|
| 700 |
|
0 |
|a Montagnana
|b Alessandro
|4 70
|
| 702 |
|
0 |
|a Belhadj
|b Nadja
|4 730
|
| 900 |
|
|
|a Album
|
| 901 |
|
|
|a Accessible au prêt
|
| 995 |
|
|
|a Bibliothèque
|c Bibliothèque
|f 024023183
|h 024023183
|k A MON
|o p
|q j
|r az
|e Bibliothèque
|